সীরতুননবী (সা.) / (Record no. 6084)
[ view plain ]
| 000 -LEADER | |
|---|---|
| fixed length control field | 00877nam a2200229 a 4500 |
| 001 - CONTROL NUMBER | |
| JCCL Control Number | 6084 |
| 003 - CONTROL NUMBER IDENTIFIER | |
| JCCL marc code | BD-JhCC |
| 005 - DATE AND TIME OF LATEST TRANSACTION | |
| control field | 20180122095906.0 |
| 008 - FIXED-LENGTH DATA ELEMENTS--GENERAL INFORMATION | |
| fixed length control field | 180101s1994 bg |||| ||a| 000 0 mul d |
| 035 ## - SYSTEM CONTROL NUMBER | |
| system control number | (BD-JhCC)6084 |
| 040 ## - CATALOGING SOURCE | |
| Original cataloging agency | BD-JhCC |
| Modifying agency | BD-JhCC |
| 041 ## - LANGUAGE CODE | |
| Language code of Book | mul |
| 082 ## - DEWEY DECIMAL CLASSIFICATION NUMBER | |
| Classification number | 297.63 |
| Author mark and Year | RAH 1994 |
| 100 ## - MAIN ENTRY--PERSONAL NAME | |
| Personal name | (র.), আবূ মুহাম্মদ আবদুল মালিক ইবন হিশাম মুআফিরী |
| 245 ## - TITLE STATEMENT | |
| Title | সীরতুননবী (সা.) / |
| Statement of responsibility, etc | আবূ মুহাম্মদ আবদুল মালিক ইবন হিশাম মুআফিরী (র.) |
| 260 ## - PUBLICATION, DISTRIBUTION, ETC. (IMPRINT) | |
| Place of publication, distribution, etc | ঢাকা : |
| Name of publisher, distributor, etc | ইসলামীক ফাউন্ডেশন বাংলাদেশ, |
| Date of publication, distribution, etc | ১৯৯৪. |
| 300 ## - PHYSICAL DESCRIPTION | |
| Pagination | 436 p. : |
| Dimensions | 24 cm. |
| 650 ## - SUBJECT ADDED ENTRY--TOPICAL TERM | |
| Topical term or geographic name as entry element | The Life Hazrat Muhammad (Sm.) |
| 650 ## - SUBJECT ADDED ENTRY--TOPICAL TERM | |
| Topical term or geographic name as entry element | Islam |
| 942 ## - ADDED ENTRY ELEMENTS (KOHA) | |
| Source of classification or shelving scheme | Dewey Decimal Classification |
| Koha item type | Books |
| Source of classification or shelving scheme | Damaged status | Not for loan | Home library | Current library | Shelving location | Date of accession | Source of acquisition | Cost, normal purchase price | Total Checkouts | Full call number | Barcode | Date last seen | Copy number | Koha item type | volume number |
|---|---|---|---|---|---|---|---|---|---|---|---|---|---|---|---|
| Dewey Decimal Classification | JCC Rouf Library | JCC Rouf Library | Reference | 01/01/2018 | Confinned To The Ltd | 140.00 | 297.63 RAH 1994 | 710 | 01/01/2018 | C - 1 | Books | ||||
| Dewey Decimal Classification | JCC Rouf Library | JCC Rouf Library | General Stacks | 01/22/2018 | 130.00 | 297.63 RAH 1994 | 762 | 01/22/2018 | C-2 | Books | V-3 |